000 02069nam a2200433 i 4500
001 196877
003 ES-MaACL
005 20250117063043.0
007 ta
008 250115m18601861fr ||| | fre d
035 _aCPB3D98010759
035 _aCCPB000371678-3
040 _aGA
_bspa
_cCCPB-3D
_erdc
100 1 _aPrescott, William Hickling,
_d1796-1859
_eaut
_9131353
245 1 0 _aHistoire du règne de Philippe II /
_c[W.H. Prescott] ; traduite de l'anglais par G. Renson et P. Ithier.
260 _aParís :
_bFirmin Didot Frères, Fils et Cie. ;
_aBruxelles :
_bFr. van Meenen et Cie.,
_c1860-1861.
300 _av. ;
_c23 cm.
336 _2rdacontent
_atexto
337 _2rdamedia
_asin mediación
338 _2rdacarrier
_avolumen
490 1 _aCollection d'historiens contemporains. Oeuvres de W.H. Prescott
505 _aContiene: T.I. (XV, 343 p.) -- T. II (372 p.) -- T. III (343 p.) -- T. IV (329 p.).
651 4 _98218
_aEspaña-
_xHistoria-
_y1556-1598, Felipe II
700 1 _aRenson, G.
_9131713
700 1 _aIthier, P.,
_9239467
752 _aFrancia
_dParís
752 _aBélgica
_dBruselas
830 _aCollection d'historiens contemporains. Oeuvres de W.H. Prescott
_9239468
852 _aES-MaACL
_9204540
_jG-16035
_cDEPO2
_pv.1
_xEncuadernación holandesa
_fEx-libris: Dr. J.A. van Praag
_hDonación: Francisco Linde
852 _aES-MaACL
_9204541
_jG-16036
_cDEPO2
_pv.2
_xEncuadernación holandesa
_fEx-libris: Dr. J.A. van Praag
_hDonación: Francisco Linde
852 _aES-MaACL
_9204542
_jG-16037
_cDEPO2
_pv.3
_xEncuadernación holandesa
_fEx-libris: Dr. J.A. van Praag
_hDonación: Francisco Linde
852 _aES-MaACL
_9204543
_jG-16038
_cDEPO2
_pv.4
_xEncuadernación holandesa
_fEx-libris: Dr. J.A. van Praag
_hDonación: Francisco Linde
901 _9239469
_aPraag, J. P. van,
_d1911-1981
_eAntiguo_posesor
903 _9239466
_aLinde, Francisco
_ednr
942 _n0
_cMONANT
999 _c196877
_d196877